Reštrukturalizácia ako nástroj ochrany dlžníka pred veriteľmi

Podstata a zmysel reštrukturalizácie podniku. Reštrukturalizačné konanie, jeho štádiá. Výhody a riziká reštrukturalizácie. Uplatňovanie právnej úpravy reštrukturalizácie v praxi.

Gespeichert in:
Bibliographische Detailangaben
1. Verfasser: Veterníková, Mária, 1964-
Format: Buchkapitel
Sprache:Slowakisch
Schlagworte:
Tags: Tag hinzufügen
Keine Tags, Fügen Sie das erste Tag hinzu!

MARC

LEADER 00000naa$a2200000$$$4500
001 0164826
005 20240502083404.7
041 0 |a slo 
044 |a CZ 
245 1 0 |a Reštrukturalizácia ako nástroj ochrany dlžníka pred veriteľmi  |c Mária Veterníková 
520 |a Podstata a zmysel reštrukturalizácie podniku. Reštrukturalizačné konanie, jeho štádiá. Výhody a riziká reštrukturalizácie. Uplatňovanie právnej úpravy reštrukturalizácie v praxi. 
610 2 0 |a podnik 
610 2 0 |a úpadok podniku 
610 2 0 |a reštrukturalizácia finančná 
610 2 0 |a úpravy právne 
610 2 0 |a ochrana majetku 
100 1 |a Veterníková, Mária, 1964-